skbl

Dr Suryya Kumar Bhuyan Library Web-OPAC
ডঃ সূৰ্য্য
কুমাৰ ভূঞা পুথিভঁৰাল ৱেব-অ'পেক

All Research Scholars are advised to clear the annual library fees to continue using Library Resources, Remote Access, Plagiarism Test and Library Clearance.

Cotton University Book Fair 2026

Outlines of Physical Anthropology / (Record no. 8420)

MARC details
000 -LEADER
fixed length control field 00592nam a2200217Ia 4500
001 - CONTROL NUMBER
control field 8433
008 - FIXED-LENGTH DATA ELEMENTS--GENERAL INFORMATION
fixed length control field 191030s1997 ii a g b000 u 465 u
020 ## - INTERNATIONAL STANDARD BOOK NUMBER
International Standard Book Number 81-225-0009-9
082 ## - DEWEY DECIMAL CLASSIFICATION NUMBER
Classification number 573
100 ## - MAIN ENTRY--PERSONAL NAME
Personal name Das, B.M. .
245 #0 - TITLE STATEMENT
Title Outlines of Physical Anthropology /
Statement of responsibility, etc. B.M. Das.
Medium Textual Documents
250 ## - EDITION STATEMENT
Edition statement 30th ed. /
260 ## - PUBLICATION, DISTRIBUTION, ETC.
Place of publication, distribution, etc. Allahabad :
Name of publisher, distributor, etc. Kitab mahal ,
Date of publication, distribution, etc. 1997.
300 ## - PHYSICAL DESCRIPTION
Extent iv, 399p. :
Other physical details ill. ;
Dimensions 22cm. .
504 ## - BIBLIOGRAPHY, ETC. NOTE
Bibliography, etc. note Index
653 ## - INDEX TERM--UNCONTROLLED
Uncontrolled term Anthropology, Physical
653 ## - INDEX TERM--UNCONTROLLED
Uncontrolled term Physical Anthropology
653 ## - INDEX TERM--UNCONTROLLED
Uncontrolled term G-Anthropology
653 ## - INDEX TERM--UNCONTROLLED
Uncontrolled term T/G-Anthropology
942 ## - ADDED ENTRY ELEMENTS (KOHA)
Source of classification or shelving scheme Dewey Decimal Classification
Koha item type Books
Holdings
Withdrawn status Lost status Damaged status Not for loan Collection Home library Current library Shelving location Date acquired Coded location qualifier Cost, normal purchase price Total checkouts Full call number Barcode Date last seen Copy number Price effective from Koha item type
          Dr. Suryya Kumar Bhuyan Library Dr. Suryya Kumar Bhuyan Library   01/02/2012 00000 65.00   573 Da 26 Ou 217/Cu 13/01/2024 3 01/02/2012 Books
          Dr. Suryya Kumar Bhuyan Library Dr. Suryya Kumar Bhuyan Library   01/02/2012 00000 65.00   572 Da 26 Ou 135/Anth 13/01/2024   01/02/2012 Books
          Dr. Suryya Kumar Bhuyan Library Dr. Suryya Kumar Bhuyan Library   01/02/2012 00000 65.00   573 Da 26 Ou 158/Anth 13/01/2024 1 01/02/2012 Books
          Dr. Suryya Kumar Bhuyan Library Dr. Suryya Kumar Bhuyan Library   01/02/2012 00000 65.00   573 Da 26 Ou 216/Cu 13/01/2024 4 01/02/2012 Books

Designed and Maintained by Team SKBL
©1901-2026

Powered by Koha